000 00550cam a22002051 4500
001 ne 63002423
003 DLC
005 20260227111752.0
008 890316s1963 xx 000 0 ara
010 _ane 63002423
035 _a(OCoLC)23523955
040 _aDLC
_cMiU
_dDLC
050 0 0 _aHX550.M7
_bA6
100 1 _aʻAqqād, ʻAbbās Maḥmūd,
_d1889-1964.
245 1 3 _aal-Shuyūʻīyah wa-al-insānīyah fī sharīʻat al-Islām.
260 _c[1963]
300 _a350 p.
_c17 cm.
500 _aRomanized.
650 0 _aCommunism and Islam
999 _c46447
_d46447